Microbiology a systems approach
Uloženo v:
| Hlavní autor: | |
|---|---|
| Médium: | Kniha |
| Jazyk: | angličtina |
| Vydáno: |
McGraw-Hill Education
2021
|
| Tagy: |
Přidat tag
Žádné tagy, Buďte první, kdo vytvoří štítek k tomuto záznamu!
|
MARC
| LEADER | 00000nam a22000007a 4500 | ||
|---|---|---|---|
| 008 | 240422b |||||||| |||| 00| 0 eng d | ||
| 020 | |a 9781260571516 | ||
| 100 | |a COWAN, Marjorie Kelly |a Heidi, Smith | ||
| 245 | |a Microbiology |b a systems approach |c /Marjorie Kelly Cowdan |g xxx, 780p;ill | ||
| 250 | |b 6th | ||
| 260 | |b McGraw-Hill Education |c 2021 |h New York |i 700325 |i 700326 |i 701149 |l QR41.2.C83 |m Microbiological phenomena |m Communicable Diseases-microbiology |m immunity | ||
| 500 | |a it includes index | ||
| 942 | |a lcc |c BK |e Johnson |f 22/04/24 | ||
| 952 | |0 0 |1 0 |2 lcc |4 0 |6 QR00412 C83 |7 0 |9 5072 |a SL |b HOL |c QZ |d 2024-04-22 |l 0 |o QR41.2.C83 |p 2024-0321 |r 2024-04-22 00:00:00 |t 700325 |w 2024-04-22 |y BK | ||
| 952 | |0 0 |1 0 |2 lcc |4 0 |6 QR00412 C83 |7 0 |9 5073 |a SL |b HOL |c QZ |d 2024-04-22 |l 0 |o QR41.2.C83 |r 2024-04-22 00:00:00 |t 700326 |w 2024-04-22 |y BK | ||
| 952 | |0 0 |1 0 |2 lcc |4 0 |6 QR00412 C83 |7 0 |9 5074 |a SL |b HOL |c QZ |d 2024-04-22 |l 0 |o QR41.2.C83 |p 2024-0322 |r 2024-04-22 00:00:00 |t 701149 |w 2024-04-22 |y BK | ||
| 999 | |c 2518 |d 2518 | ||